| 000 | 00605nam a2200241Ia 4500 | ||
|---|---|---|---|
| 005 | 20240424151410.0 | ||
| 008 | 131103s9999 xx 000 0 und d | ||
| 020 | _a0416341004 (pbk.) | ||
| 040 | _aLoreto College | ||
| 041 | _aEnglish | ||
| 082 |
_a371.3 _bCOH |
||
| 100 | _aCohen,Louis | ||
| 245 | 2 |
_aA Guide to Teaching Practice _cLouis Cohen and Lawrence Manion |
|
| 250 | _a2nd ed. | ||
| 260 |
_aLondon _bMethuen _c1983 |
||
| 300 | _axvi,300p. | ||
| 504 | _aIncludes index | ||
| 650 | _aEducation | ||
| 651 | _aTeaching | ||
| 700 | _aManion,Lawrence | ||
| 850 | _aLCBED | ||
| 942 | _cBK | ||
| 999 |
_c37135 _d87614 |
||